[Event "Berlin Lichtenberger op 18th"]
[Site "Berlin"]
[Date "2019.08.25"]
[Round "9"]
[White "Ahlers, Knut"]
[Black "Andresen, Marc"]
[Result "1-0"]
[WhiteElo "1880"]
[BlackElo "1554"]
[PlyCount "69"]
[EventDate "2019.08.17"]
[EventType "swiss"]
[EventRounds "9"]
[EventCountry "GER"]
[SourceTitle "EXT 2020"]
[Source "ChessBase"]
[SourceDate "2019.10.17"]
[SourceVersion "1"]
[SourceVersionDate "2019.10.17"]
[SourceQuality "1"]

1. Nf3 Nf6 2. g3 g6 3. Bg2 Bg7 4. 0-0 0-0 5. d3 c5 6. a3 Nc6 7. Nc3 a6 8. Bd2 Rb8 9. Qc1 Re8 10. e4 d6 11. Nh4 e6 12. f4 b5 13. Ne2 Qc7 14. h3 Bb7 15. Be3 d5 16. Bxc5 dxe4 17. dxe4 Nd8 18. Bd4 Bxe4 19. Bxf6 Qc5+ 20. Rf2 Bxf6 21. Bxe4 Nc6 22. c3 Bxh4 23. gxh4 Rbc8 24. Bxc6 Qxc6 25. Qe3 Red8 26. Nd4 Qc4 27. h5 a5 28. hxg6 hxg6 29. Qe2 b4 30. Qxc4 Rxc4 31. Nb5 Rc5 32. a4 bxc3 33. Nxc3 Rf5 34. Raf1 Rh5 35. Kg2 1-0

[Event "Dortmund Sparkassen op 47th"]
[Site "Dortmund"]
[Date "2019.07.19"]
[Round "7"]
[White "Wuebker, Paul Luca"]
[Black "Ahlers, Knut"]
[Result "1-0"]
[WhiteElo "2009"]
[BlackElo "1854"]
[PlyCount "79"]
[EventDate "2019.07.13"]
[EventType "swiss"]
[EventRounds "9"]
[EventCountry "GER"]
[SourceTitle "EXT 2020"]
[Source "ChessBase"]
[SourceDate "2019.10.17"]
[SourceVersion "1"]
[SourceVersionDate "2019.10.17"]
[SourceQuality "1"]

1. d4 Nf6 2. c4 g6 3. f3 Bg7 4. e4 d6 5. Nc3 0-0 6. Be3 e5 7. d5 c6 8. Qd2 cxd5 9. cxd5 Nh5 10. g4 Nf4 11. Nge2 Nxe2 12. Bxe2 Na6 13. Bxa6 bxa6 14. 0-0-0 Bd7 15. h4 Qa5 16. h5 Rfc8 17. Kb1 Rab8 18. Ka1 Rb7 19. hxg6 fxg6 20. Qh2 Rxc3 21. Qxh7+ Kf8 22. Bh6 Ke7 23. Qxg7+ Kd8 24. Bg5+ Kc7 25. Rh7 Kb8 26. Qf8+ Rc8 27. Qxd6+ Ka8 28. Rc1 Rbc7 29. Rb1 Qa4 30. Qxe5 Rc2 31. Qg7 R8c7 32. Bf4 Rb7 33. Rh8+ Bc8 34. Qf8 Qc4 35. Qxc8+ Qxc8 36. Rxc8+ Rxc8 37. Bg5 Rd7 38. Rd1 Re8 39. Kb1 Kb7 40. Bf6 1-0

[Event "Vellmar op 11th"]
[Site "Vellmar"]
[Date "2019.07.06"]
[Round "4"]
[White "Ahlers, Knut"]
[Black "Weiss, Jochen"]
[Result "1/2-1/2"]
[WhiteElo "1854"]
[BlackElo "2097"]
[PlyCount "114"]
[EventDate "2019.07.04"]
[EventType "swiss"]
[EventRounds "7"]
[EventCountry "GER"]
[SourceTitle "CBM 191 Extra"]
[Source "ChessBase"]
[SourceDate "2019.09.30"]
[SourceVersion "1"]
[SourceVersionDate "2019.09.30"]
[SourceQuality "1"]

1. e4 c5 2. Nf3 Nc6 3. d4 cxd4 4. Nxd4 g6 5. c4 Bg7 6. Be3 Nf6 7. Nc3 Ng4 8. Qxg4 Nxd4 9. Qd1 Ne6 10. Qd2 d6 11. Be2 Bd7 12. 0-0 0-0 13. f4 Bc6 14. Bf3 a5 15. Rad1 Qc7 16. Nd5 Bxd5 17. cxd5 Nc5 18. Rc1 b6 19. Rc2 Qd7 20. Bd4 Qa4 21. Bxg7 Kxg7 22. b3 Qb4 23. Qe3 b5 24. Rd1 a4 25. Rd4 Qa3 26. Qc3 b4 27. Rxb4+ Kg8 28. bxa4 Rxa4 29. Qxa3 Rxa3 30. e5 Rfa8 31. exd6 exd6 32. Rb6 R8a6 33. Rxa6 Rxa6 34. Be2 Ra3 35. g3 Kg7 36. Kg2 h6 37. Bc4 Kf6 38. Rb2 Rc3 39. Bb5 Ra3 40. Be2 g5 41. fxg5+ hxg5 42. Bh5 Ra7 43. Rf2+ Kg7 44. Bd1 Ra3 45. Kh3 Ne4 46. Re2 f5 47. Bb3 g4+ 48. Kg2 Kf6 49. h3 gxh3+ 50. Kxh3 Nc5 51. Re3 Ra5 52. Bc4 Ra4 53. Rc3 Ne4 54. Rc2 Ra3 55. Bb3 Nc5 56. Re2 Nxb3 57. axb3 Rxb3 1/2-1/2

[Event "Vellmar op 11th"]
[Site "Vellmar"]
[Date "2019.07.04"]
[Round "1"]
[White "Ahlers, Knut"]
[Black "Maas, Kolja"]
[Result "1-0"]
[WhiteElo "1854"]
[BlackElo "1571"]
[PlyCount "45"]
[EventDate "2019.07.04"]
[EventType "swiss"]
[EventRounds "7"]
[EventCountry "GER"]
[SourceTitle "CBM 191 Extra"]
[Source "ChessBase"]
[SourceDate "2019.09.30"]
[SourceVersion "1"]
[SourceVersionDate "2019.09.30"]
[SourceQuality "1"]

1. e4 e5 2. Nf3 Nf6 3. Nxe5 d6 4. Nf3 Nxe4 5. Nc3 Nxc3 6. dxc3 Nc6 7. Be3 Bg4 8. Be2 Be7 9. Qd3 Qd7 10. 0-0-0 Bf5 11. Qb5 0-0-0 12. Qa4 b6 13. Bb5 Kb7 14. Ne5 dxe5 15. Rxd7 Bxd7 16. Rd1 Be8 17. Rxd8 Bxd8 18. Ba6+ Kb8 19. Qg4 Ne7 20. Qxg7 Rg8 21. Qxe5 Rxg2 22. Bg5 Rg1+ 23. Kd2 1-0